01007nam a2200241 a 4500001001000000005001700010008004100027041000800068044000800076050001900084245012800103260004500231300006200276500004400338500012700382500005100509500005800560500001000618650003700628650006100665700001900726700002000745BRCA_603320190320205315.0280411s1955----enka######---#000-0#eng-# aeng aenk 4aN1b.C75d 195510aThe Connoisseurbwith which is incorporated international studiocedited by L.G.G. Ramsey ; american editor Helen Comstock. aLondresbNational Magazine Companyc1955 alxx, p. 233-310bil. (algunas a color), láminasc31 cm. aVol. CXXXVI, Núm. 550 diciembre, 1955 aIncluye el artículo: Talavera de Puebla Pottery in the collection of Mr. Franz Mayer, por Yvonne Hackenbroch, p. 286-287 aEstado físico: lomo parcialmente desprendido aRevista inventariada por Banco de México como libro aA121a14aArtexPublicaciones periódicas14aColecciones y coleccionistasxPublicaciones periódicas1 aRamsey, L.G.G.1 aComstock, Helen